| 000 | 00405nam a2200181Ia 4500 | ||
|---|---|---|---|
| 001 | 24860 | ||
| 005 | 20260414151111.0 | ||
| 008 | 260414t2010||||xx |||||||||||||| ||spa|| | ||
| 041 | _aESP | ||
| 082 |
_a346 _bO617 V. 1 |
||
| 110 | _aObservatorio de Derecho Civil | ||
| 245 | 0 |
_aEl contrato _b |
|
| 260 | _c2010 | ||
| 300 |
_a _c24 cm. |
||
| 650 | _aDER | ||
| 654 | _aCDE | ||
| 942 |
_cLIB _dJUS _fJUS _2ddc _n |
||
| 999 |
_c24860 _d24860 |
||